000 00332pam a2200145 a 4500
020 _c
041 _h
082 _a741
_bSWA
100 _aRonald Swanwick .
245 _aDrawing Landscapes
_bDrawing Landscapes
_hTextual Documents
250 _a2005.
260 _a[s.l]:
_bLeisure Arts
300 _a47:
_bpaper.
930 _a2526
999 _c236316
_d236316